[Event "HMC Calder Cup 2014"]
[Site "Rosmalen NED"]
[Date "2014.06.20"]
[Round "1.1"]
[White "Burg, Twan"]
[Black "Landa, Konstantin"]
[Result "0-1"]
[WhiteTitle "IM"]
[BlackTitle "GM"]
[WhiteElo "2506"]
[BlackElo "2662"]
[WhiteFideId "1010697"]
[BlackFideId "4101685"]
[EventDate "2014.06.20"]

1. e4 c5 2. Nf3 e6 3. d4 cxd4 4. Nxd4 Nc6 5. Nc3 Qc7 6. Be3 Nf6 7. f4 Bb4 8. Nb5
Qa5 9. Bd2 a6 10. e5 axb5 11. exf6 gxf6 12. Nxb5 Bxd2+ 13. Qxd2 Qxd2+ 14. Kxd2
Ke7 15. c4 b6 16. Be2 Bb7 17. Bf3 Na5 18. Bxb7 Nxb7 19. Ke3 f5 20. Rhe1 Rhc8 21.
b3 Nc5 22. Kf3 Kf6 23. g4 fxg4+ 24. Kxg4 Rg8+ 25. Kf3 Rg6 26. Re3 Rh6 27. Kg2
Rh4 28. Kg3 Rh5 29. h4 d5 30. cxd5 Rg8+ 31. Kh3 Rxd5 32. Nc3 Rd3 33. Rxd3 Nxd3
34. Ne4+ Kf5 35. Ng3+ Kxf4 36. Rf1+ Ke3 37. Rxf7 Nf4+ 38. Kh2 Rg4 39. Rxh7 Kf3
40. Nf1 Rg2+ 41. Kh1 Rf2 42. Nh2+ Kg3 43. Rg7+ Kh3 44. Ng4 Rf1# 0-1

[Event "HMC Calder Cup 2014"]
[Site "Rosmalen NED"]
[Date "2014.06.20"]
[Round "1.2"]
[White "Guramishvili, Sopiko"]
[Black "Bosch, Jeroen"]
[Result "1/2-1/2"]
[WhiteTitle "IM"]
[BlackTitle "IM"]
[WhiteElo "2396"]
[BlackElo "2363"]
[WhiteFideId "13602888"]
[BlackFideId "1001280"]
[EventDate "2014.06.20"]

1. d4 f5 2. g3 Nf6 3. Bg2 g6 4. Nf3 Bg7 5. O-O O-O 6. b4 c6 7. Bb2 a5 8. bxa5
Qxa5 9. Nbd2 d5 10. c4 Ne4 11. Qc2 Qa4 12. Qb3 Qxb3 13. axb3 Na6 14. Nxe4 fxe4
15. Ne5 Be6 16. cxd5 cxd5 17. f3 Bxe5 18. dxe5 Nc5 19. b4 exf3 20. Bxf3 Ne4 21.
Rfc1 Rxa1 22. Rxa1 Ng5 23. Ra3 Nxf3+ 24. exf3 Rc8 25. Rc3 Kf7 26. Rxc8 Bxc8 27.
Kf2 Bd7 1/2-1/2

[Event "HMC Calder Cup 2014"]
[Site "Rosmalen NED"]
[Date "2014.06.20"]
[Round "1.3"]
[White "Broekmeulen, Jasper"]
[Black "Greenfeld, Alon"]
[Result "1/2-1/2"]
[WhiteTitle "FM"]
[BlackTitle "GM"]
[WhiteElo "2432"]
[BlackElo "2545"]
[WhiteFideId "1013440"]
[BlackFideId "2800039"]
[EventDate "2014.06.20"]

1. d4 d5 2. Nf3 Nf6 3. Bf4 c5 4. dxc5 e6 5. e3 Bxc5 6. a3 O-O 7. c4 Nc6 8. Nc3
d4 9. exd4 Nxd4 10. Bd3 Nxf3+ 11. Qxf3 e5 12. Bg5 h6 13. Bxf6 Qxf6 14. Qxf6 gxf6
15. Ne4 Bd4 16. Nxf6+ Kg7 17. Nh5+ Kh8 18. Rb1 Be6 19. Nf6 Rfd8 20. Nd5 Bxd5 21.
cxd5 Rxd5 22. Be4 Rc5 23. Ke2 Rac8 24. Rhd1 b6 25. Rd2 h5 26. f4 f5 27. fxe5
Bxe5 28. Bxf5 Re8 29. Bg6 Re7 30. Rd8+ Kg7 31. Re8 Rxe8 32. Bxe8 Bxh2 33. Kd3
Rd5+ 34. Kc4 Re5 35. Bd7 Rc5+ 36. Kb3 Rd5 37. Bc6 Rd2 38. Re1 Kf6 1/2-1/2

[Event "HMC Calder Cup 2014"]
[Site "Rosmalen NED"]
[Date "2014.06.20"]
[Round "1.4"]
[White "Van der Stricht, Geert"]
[Black "Swinkels, Robin"]
[Result "1-0"]
[WhiteTitle "IM"]
[BlackTitle "GM"]
[WhiteElo "2376"]
[BlackElo "2512"]
[WhiteFideId "201324"]
[BlackFideId "1010824"]
[EventDate "2014.06.20"]

1. d4 d5 2. c4 c6 3. Nf3 Nf6 4. e3 Bf5 5. cxd5 cxd5 6. Qb3 Qc7 7. Bd2 e6 8. Bb5+
Nc6 9. O-O Bd6 10. Bb4 O-O 11. Bxd6 Qxd6 12. Rc1 Rfc8 13. Nbd2 Be4 14. Qa4 Bxf3
15. Nxf3 Nd7 16. a3 Nb6 17. Qd1 Na5 18. Bd3 h6 19. Rc5 Nac4 20. Qc2 Nd7 21. b3
Nxc5 22. dxc5 Qxc5 23. bxc4 dxc4 24. Bh7+ Kh8 25. Be4 Rab8 26. Qc3 Rc7 27. a4 b5
28. axb5 Rxb5 29. Bc2 Qb4 30. Qd4 Rd5 31. Qe4 g6 32. h4 Kg7 33. Nd4 Qe7 34. Ra6
Qf6 35. Nxe6+ fxe6 36. Rxe6 Qf5 37. Rxg6+ Kxg6 38. Qe6+ Kg7 39. Bxf5 1-0

[Event "HMC Calder Cup 2014"]
[Site "Rosmalen NED"]
[Date "2014.06.20"]
[Round "1.5"]
[White "Fridman, Daniel"]
[Black "Hendriks, Willy"]
[Result "1-0"]
[WhiteTitle "GM"]
[BlackTitle "IM"]
[WhiteElo "2627"]
[BlackElo "2390"]
[WhiteFideId "11600454"]
[BlackFideId "1000713"]
[EventDate "2014.06.20"]

1. d4 d6 2. Nf3 Bg4 3. c4 Nd7 4. Nc3 Ngf6 5. d5 Bxf3 6. exf3 g6 7. Be2 Bg7 8. f4
c6 9. O-O O-O 10. Be3 Qa5 11. Rb1 Rfc8 12. b4 Qd8 13. dxc6 bxc6 14. Bf3 Nb6 15.
Qd3 e6 16. c5 Nbd5 17. cxd6 Qxd6 18. g3 a5 19. b5 cxb5 20. Nxd5 Nxd5 21. Rxb5
Rc3 22. Qd2 Rd8 23. Bxd5 exd5 24. Rd1 d4 25. Qxc3 dxc3 26. Rxd6 Rxd6 27. Rb8+
Bf8 28. Rc8 Kg7 29. Rxc3 Rd1+ 30. Kg2 Bb4 31. Rc6 Rd6 32. Rxd6 Bxd6 33. Kf3 Kf6
34. Ke4 Ke6 35. Kd4 Kd7 36. Kd5 h5 37. Bc5 Bc7 38. a4 f5 39. Be3 Bd6 40. Bd2 Bc7
41. Kc5 h4 42. gxh4 Ke6 43. Kc6 Bd8 44. f3 1-0

[Event "HMC Calder Cup 2014"]
[Site "Rosmalen NED"]
[Date "2014.06.21"]
[Round "2.1"]
[White "Landa, Konstantin"]
[Black "Hendriks, Willy"]
[Result "1-0"]
[WhiteTitle "GM"]
[BlackTitle "IM"]
[WhiteElo "2662"]
[BlackElo "2390"]
[WhiteFideId "4101685"]
[BlackFideId "1000713"]
[EventDate "2014.06.20"]

1. d4 d6 2. Nf3 Bg4 3. c4 Nd7 4. Qb3 Rb8 5. h3 Bxf3 6. Qxf3 g6 7. Nc3 Bg7 8. e3
Ngf6 9. Bd3 O-O 10. O-O e5 11. Rd1 Nh5 12. Bf1 f5 13. dxe5 Nxe5 14. Qe2 c6 15.
g3 Qe7 16. b3 Rbd8 17. Ba3 Nf6 18. Bg2 h5 19. e4 fxe4 20. Nxe4 Nxe4 21. Qxe4 Qf6
22. f4 Nf7 23. Rab1 Rfe8 24. Qd3 h4 25. Bb2 Qe6 26. gxh4 Bxb2 27. Rxb2 Nh6 28.
Bf3 Nf5 29. h5 gxh5 30. Bxh5 Re7 31. Rg2+ Rg7 32. Rxg7+ Nxg7 33. Bg4 Qf6 34. Qd4
Kf7 35. Qxa7 Qe7 36. Qd4 d5 37. Kg2 c5 38. Qe5 d4 39. Re1 Qh4 40. Be6+ 1-0

[Event "HMC Calder Cup 2014"]
[Site "Rosmalen NED"]
[Date "2014.06.21"]
[Round "2.2"]
[White "Swinkels, Robin"]
[Black "Fridman, Daniel"]
[Result "1/2-1/2"]
[WhiteTitle "GM"]
[BlackTitle "GM"]
[WhiteElo "2512"]
[BlackElo "2627"]
[WhiteFideId "1010824"]
[BlackFideId "11600454"]
[EventDate "2014.06.20"]

1. c4 e6 2. g3 d5 3. Bg2 Nf6 4. Nf3 Be7 5. d4 O-O 6. O-O dxc4 7. Qa4 a6 8. Qxc4
b5 9. Qc2 Bb7 10. Bd2 Bd6 11. Re1 Be4 12. Qc1 Bb7 13. Qc2 Be4 14. Qc1 Bb7 15.
Qc2 1/2-1/2

[Event "HMC Calder Cup 2014"]
[Site "Rosmalen NED"]
[Date "2014.06.21"]
[Round "2.3"]
[White "Greenfeld, Alon"]
[Black "Van der Stricht, Geert"]
[Result "1-0"]
[WhiteTitle "GM"]
[BlackTitle "IM"]
[WhiteElo "2545"]
[BlackElo "2376"]
[WhiteFideId "2800039"]
[BlackFideId "201324"]
[EventDate "2014.06.20"]

1. c4 c6 2. Nf3 d5 3. d4 Nf6 4. Nc3 dxc4 5. a4 Bf5 6. Nh4 Bd7 7. e4 e6 8. Bxc4
Nxe4 9. Nxe4 Qxh4 10. Qf3 Bb4+ 11. Kf1 h6 12. Bf4 O-O 13. Be5 f5 14. Ng3 Kh7 15.
Nh5 Rg8 16. Nf4 Qe7 17. g4 Na6 18. gxf5 exf5 19. h4 Nc5 20. Qg3 g6 21. dxc5 Qxe5
22. Rd1 Qe7 23. Rg1 Rg7 24. Nxg6 Qxc5 25. b3 f4 26. Qf3 Bf5 27. h5 Re8 28. Nh4
Rxg1+ 29. Kxg1 Kh8 30. Qxf4 Rf8 31. Qxh6+ 1-0

[Event "HMC Calder Cup 2014"]
[Site "Rosmalen NED"]
[Date "2014.06.21"]
[Round "2.4"]
[White "Bosch, Jeroen"]
[Black "Broekmeulen, Jasper"]
[Result "1/2-1/2"]
[WhiteTitle "IM"]
[BlackTitle "FM"]
[WhiteElo "2363"]
[BlackElo "2432"]
[WhiteFideId "1001280"]
[BlackFideId "1013440"]
[EventDate "2014.06.20"]

1. e4 d5 2. exd5 Qxd5 3. Nc3 Qa5 4. Bc4 Nf6 5. d3 c6 6. Bd2 Nbd7 7. Qe2 Qc7 8.
Nf3 e6 9. d4 b5 10. Bd3 Bb7 11. O-O-O Be7 12. Rhe1 b4 13. Ne4 Nd5 14. g3 h6 15.
Ne5 Nxe5 16. dxe5 Qxe5 17. f4 Qc7 18. f5 exf5 19. Nc5 O-O 20. Nxb7 Qxb7 21. Bxf5
Bf6 22. Qc4 Qb6 23. Bd7 Rab8 24. Bxc6 Nc3 25. Be3 Qa5 26. Rd7 Nxa2+ 27. Kd1 b3
28. cxb3 Nb4 29. Rxa7 Rbd8+ 30. Ke2 Qh5+ 31. Bf3 Qxh2+ 32. Kf1 Qxg3 33. Qg4 Qxg4
34. Bxg4 Nc2 35. Bc5 Nxe1 36. Bxf8 Nc2 37. Bc5 Bd4 38. Bxd4 Nxd4 39. Rb7 g6 40.
b4 Nc2 41. Be2 Rd2 42. b3 Ne3+ 1/2-1/2

[Event "HMC Calder Cup 2014"]
[Site "Rosmalen NED"]
[Date "2014.06.21"]
[Round "2.5"]
[White "Burg, Twan"]
[Black "Guramishvili, Sopiko"]
[Result "1/2-1/2"]
[WhiteTitle "IM"]
[BlackTitle "IM"]
[WhiteElo "2506"]
[BlackElo "2396"]
[WhiteFideId "1010697"]
[BlackFideId "13602888"]
[EventDate "2014.06.20"]

1. e4 c5 2. Nf3 d6 3. d4 cxd4 4. Nxd4 Nf6 5. Nc3 a6 6. Bg5 e6 7. f4 Be7 8. Qf3
Qc7 9. O-O-O Nbd7 10. g4 b5 11. Bxf6 Bxf6 12. g5 Bxd4 13. Rxd4 Rb8 14. a3 Qc5
15. Qd3 b4 16. axb4 Rxb4 17. Rxb4 Qxb4 18. Be2 Nc5 19. Qe3 O-O 20. Rd1 Bd7 21.
Rd4 Qb6 22. Qd2 Rb8 23. b4 Nb7 24. h4 Be8 25. h5 e5 26. Rc4 Bb5 27. Nxb5 axb5
28. Rc3 exf4 29. Qd5 Nd8 30. Kb2 Ne6 31. Bg4 Nf8 32. h6 Ng6 33. Rc6 Qg1 34. Rc7
Ne5 35. Qxd6 Ra8 36. Qa6 Qd4+ 37. c3 Nc4+ 38. Rxc4 Qd2+ 39. Kb1 Qe1+ 40. Kb2
Qd2+ 41. Kb1 Qe1+ 42. Kc2 Qf2+ 43. Kc1 Qe3+ 44. Kb2 Qd2+ 1/2-1/2

[Event "HMC Calder Cup 2014"]
[Site "Rosmalen NED"]
[Date "2014.06.22"]
[Round "3.2"]
[White "Broekmeulen, Jasper"]
[Black "Burg, Twan"]
[Result "1/2-1/2"]
[WhiteTitle "FM"]
[BlackTitle "IM"]
[WhiteElo "2432"]
[BlackElo "2506"]
[WhiteFideId "1013440"]
[BlackFideId "1010697"]
[EventDate "2014.06.20"]

1. c4 Nf6 2. Nc3 g6 3. g3 Bg7 4. Bg2 O-O 5. Nf3 d5 6. cxd5 Nxd5 7. O-O c5 8. d4
Nc6 9. Nxd5 Qxd5 10. Be3 Rd8 11. Qa4 Bd7 12. dxc5 Nd4 13. Qd1 Bc6 14. Bxd4 Bxd4
15. Qxd4 Qxd4 16. Nxd4 Rxd4 17. Rfd1 Rad8 18. Rxd4 Rxd4 19. Bxc6 bxc6 20. Rc1
Rd2 21. b4 Rxe2 22. b5 Rxa2 23. bxc6 Ra6 24. Kf1 Rxc6 25. Ke2 Kf8 26. Kd3 Ke8
27. Kc4 Kd7 28. Ra1 a6 29. f4 h6 30. h4 h5 31. Kd5 Kc7 32. Ra2 Re6 33. Ra3 Kd7
34. Rb3 Kc7 35. Ra3 Rc6 36. Ra2 Rf6 37. Ra3 Re6 38. Ra1 Rc6 39. Ra2 Kd7 40. Ra3
Rf6 41. Ra1 Rc6 42. Ra2 Kc7 1/2-1/2

[Event "HMC Calder Cup 2014"]
[Site "Rosmalen NED"]
[Date "2014.06.22"]
[Round "3.3"]
[White "Van der Stricht, Geert"]
[Black "Bosch, Jeroen"]
[Result "0-1"]
[WhiteTitle "IM"]
[BlackTitle "IM"]
[WhiteElo "2376"]
[BlackElo "2363"]
[WhiteFideId "201324"]
[BlackFideId "1001280"]
[EventDate "2014.06.20"]

1. d4 f5 2. e4 fxe4 3. Nc3 Nf6 4. Bg5 Nc6 5. d5 Ne5 6. Qe2 c6 7. O-O-O cxd5 8.
Bxf6 gxf6 9. Qh5+ Nf7 10. Qxd5 e6 11. Qxe4 f5 12. Qe3 Bh6 13. f4 O-O 14. Nf3 a6
15. h4 Qc7 16. Ng5 Bg7 17. g3 b5 18. Bg2 Rb8 19. Nxf7 Rxf7 20. Ne2 a5 21. h5 h6
22. Rd3 b4 23. Rhd1 a4 24. Kb1 a3 25. b3 Kh8 26. Nd4 Ba6 27. c4 bxc3 28. Rxc3
Qa5 29. Qd2 Rff8 30. Rc2 Qxd2 31. Rcxd2 Rfc8 32. Nc2 Rc3 33. Rxd7 Rxg3 34. R7d6
Be2 35. Bf1 Bxd1 36. Rxd1 Bb2 37. Bc4 Rbg8 38. Bxe6 Rg1 39. Ne3 Rxd1+ 40. Nxd1
Rg1 41. Kc2 Rg2+ 42. Kd3 Bc1 43. Nc3 Rd2+ 44. Kc4 Rf2 45. b4 Rxf4+ 46. Kb3 Rf3
47. Kc4 f4 48. b5 Re3 49. Bd5 f3 50. Ne4 Re2 51. Kd3 Rb2 52. Bc4 Bf4 53. Kd4 f2
54. Kd5 Rxa2 55. Kd4 0-1

[Event "HMC Calder Cup 2014"]
[Site "Rosmalen NED"]
[Date "2014.06.22"]
[Round "3.4"]
[White "Fridman, Daniel"]
[Black "Greenfeld, Alon"]
[Result "1-0"]
[WhiteTitle "GM"]
[BlackTitle "GM"]
[WhiteElo "2627"]
[BlackElo "2545"]
[WhiteFideId "11600454"]
[BlackFideId "2800039"]
[EventDate "2014.06.20"]

1. d4 Nf6 2. c4 g6 3. g3 Bg7 4. Bg2 O-O 5. Nc3 d6 6. Nf3 Nbd7 7. O-O e5 8. e4
exd4 9. Nxd4 Re8 10. h3 Nc5 11. Re1 Bd7 12. Bf4 h6 13. Nb3 Ne6 14. Bd2 a5 15.
Nc1 Nc5 16. Qc2 Qc8 17. Kh2 h5 18. Nd3 h4 19. gxh4 Nxd3 20. Qxd3 Nh5 21. Rf1 c6
22. f4 Qd8 23. Be1 Bh6 24. Bg3 a4 25. Ne2 Qb6 26. Rab1 d5 27. cxd5 cxd5 28. Nc3
dxe4 29. Qxd7 Rad8 30. Qb5 Qxb5 31. Nxb5 Rd3 32. Be1 Nxf4 33. Nc3 f5 34. Rg1 Rc8
35. Bf1 Rf3 36. a3 Rd8 37. Bc4+ Kh7 38. Rg3 Rd4 39. Rxf3 exf3 40. Bf1 Nh5 41.
Rd1 Be3 42. Rxd4 Bxd4 43. Nxa4 Be3 44. b4 f4 45. Nc5 f2 46. Bc3 Ng3 47. Kg2 Nf5
48. Bf6 1-0

[Event "HMC Calder Cup 2014"]
[Site "Rosmalen NED"]
[Date "2014.06.22"]
[Round "3.5"]
[White "Hendriks, Willy"]
[Black "Swinkels, Robin"]
[Result "1/2-1/2"]
[WhiteTitle "IM"]
[BlackTitle "GM"]
[WhiteElo "2390"]
[BlackElo "2512"]
[WhiteFideId "1000713"]
[BlackFideId "1010824"]
[EventDate "2014.06.20"]

1. c4 e5 2. e3 Nf6 3. Nc3 d5 4. cxd5 Nxd5 5. Nf3 Nxc3 6. bxc3 Bd6 7. d4 Nd7 8.
Bd3 Qe7 9. Qc2 c5 10. O-O h6 11. d5 Nf6 12. e4 O-O 13. Nd2 Bc7 14. a4 Ne8 15.
Nc4 Nd6 16. Nxd6 Bxd6 17. Bd2 Bd7 18. Rab1 b6 19. Rb2 Bc7 20. Re1 a6 21. c4 Rab8
22. Reb1 a5 23. Re1 Rbe8 24. Re3 Qd6 25. g3 Re7 26. Re1 Qf6 27. Qd1 Rfe8 28. Ra2
Qg6 29. Bc3 Bd6 30. f3 h5 31. Kh1 Qh6 32. Rg1 Bc7 33. Re2 f6 34. Bc2 Bd6 35. Bd2
Qh7 36. Qb1 Rb8 37. Rf2 g6 38. h4 Qf7 39. g4 Qh7 40. Rh2 Rf7 41. Bd1 Rg7 42.
Rhg2 Kf7 43. Be1 hxg4 44. fxg4 g5 45. h5 Ke7 46. Rf1 Rf7 47. Kg1 Rff8 48. Bd2
Qg7 49. Be3 Bc7 50. Rd2 Kd6 51. Qd3 Bd8 52. Rb2 Bc7 53. Rff2 Qh7 54. Rb1 Qg7 55.
Rfb2 Rfc8 56. Qf1 Qh6 57. Qf3 Qg7 58. Kf1 Qh6 59. Ke1 Qg7 60. Kd2 Qh6 61. Kc3
Qg7 62. Kb3 Qh6 63. Ka3 Qg7 64. Rf2 Bd8 65. Be2 Be7 66. Bd3 Qh8 67. Qg2 Qe8 68.
Rfb2 Bd8 69. Bc2 Qh8 70. Qg1 Bc7 71. Qg3 Bd8 72. Bd2 Bc7 73. Bc3 Rf8 74. Bd3 Ke7
75. Rf1 Bd6 76. Qg1 Bc7 77. Bd2 Kd6 78. Be3 Qg7 79. Rfb1 Rfc8 80. Rh2 Qh6 81.
Be2 Bd8 82. Qe1 Bc7 83. Qd2 Bd8 84. Rf2 Be7 85. Rbf1 Rf8 86. Qc3 Rfc8 87. Bf3
Bd8 88. Rb1 Bc7 89. Rfb2 Qh8 90. Qd2 1/2-1/2

[Event "HMC Calder Cup 2014"]
[Site "Rosmalen NED"]
[Date "2014.06.23"]
[Round "4.1"]
[White "Landa, Konstantin"]
[Black "Swinkels, Robin"]
[Result "1/2-1/2"]
[WhiteTitle "GM"]
[BlackTitle "GM"]
[WhiteElo "2662"]
[BlackElo "2512"]
[WhiteFideId "4101685"]
[BlackFideId "1010824"]
[EventDate "2014.06.20"]

1. Nf3 d5 2. d4 Nf6 3. c4 c6 4. e3 Bf5 5. Nc3 a6 6. Bd3 Bg6 7. Ne5 Bxd3 8. Qxd3
e6 9. O-O Nbd7 10. f4 Bb4 11. Ne2 Bd6 12. b4 Ne4 13. Rb1 f6 14. Nxd7 Qxd7 15. c5
Bc7 16. a4 O-O 17. b5 axb5 18. axb5 b6 19. Ba3 Rfb8 20. Rfc1 cxb5 21. c6 Qc8 22.
Bb4 Qa6 23. Nc3 Nxc3 24. Rxc3 Qa2 25. Rcb3 f5 26. Be1 Ra4 27. R1b2 Qa1 28. Rb1
Qa2 29. Bb4 Raa8 30. h4 h5 31. Qd1 g6 32. R1b2 Qa1 33. Rb1 Qa2 34. R3b2 Qa4 35.
Qe1 Kf7 36. Kh2 Rc8 37. Kh3 Bd8 38. Rc1 Bc7 39. Rcb1 Bd8 40. Rc1 Bc7 41. Kg3
Rcb8 42. Kf3 Rc8 43. Qc3 Ra7 44. Rb3 Rca8 45. Qd3 Qa2 46. Rcb1 Qa4 47. Ra3 Qxa3
48. Bxa3 Rxa3 49. Qxb5 Rc3 50. Qb2 Rxc6 51. Qb5 Rc2 52. Qd7+ Kf6 53. Rf1 Raa2
54. Qe8 Bd6 55. Qh8+ Kf7 56. Qh7+ Kf6 57. Qh8+ Kf7 58. Qh7+ Kf6 1/2-1/2

[Event "HMC Calder Cup 2014"]
[Site "Rosmalen NED"]
[Date "2014.06.23"]
[Round "4.2"]
[White "Greenfeld, Alon"]
[Black "Hendriks, Willy"]
[Result "1-0"]
[WhiteTitle "GM"]
[BlackTitle "IM"]
[WhiteElo "2545"]
[BlackElo "2390"]
[WhiteFideId "2800039"]
[BlackFideId "1000713"]
[EventDate "2014.06.20"]

1. d4 Nf6 2. Nf3 d6 3. g3 g6 4. Bg2 Bg7 5. O-O O-O 6. c4 c6 7. Nc3 a6 8. e4 Nfd7
9. Bg5 b5 10. c5 dxc5 11. dxc5 a5 12. e5 b4 13. Na4 h6 14. Be3 Nxe5 15. Nxe5
Qxd1 16. Rfxd1 Bxe5 17. Bxh6 Re8 18. Re1 Bf6 19. Rad1 Ba6 20. Rd6 e6 21. Rxc6
Ra7 22. Rb6 Rc8 23. Bf4 Nd7 24. Rxa6 Rxa6 25. Bb7 Rac6 26. Bxc8 Rxc8 27. Nb6 Rd8
28. Bc7 Nxc5 29. Bxd8 Bxd8 30. Nc4 a4 31. Kf1 Bf6 32. Ke2 Bd4 33. Rd1 e5 34. f4
f6 35. fxe5 fxe5 36. Nxe5 Bxb2 37. Nd3 Nxd3 38. Kxd3 Bf6 39. Kc4 b3 40. axb3 a3
41. Rd2 Bb2 42. Rd8+ 1-0

[Event "HMC Calder Cup 2014"]
[Site "Rosmalen NED"]
[Date "2014.06.23"]
[Round "4.3"]
[White "Bosch, Jeroen"]
[Black "Fridman, Daniel"]
[Result "0-1"]
[WhiteTitle "IM"]
[BlackTitle "GM"]
[WhiteElo "2363"]
[BlackElo "2627"]
[WhiteFideId "1001280"]
[BlackFideId "11600454"]
[EventDate "2014.06.20"]

1. e4 e6 2. d3 d5 3. Nd2 Nf6 4. g3 dxe4 5. dxe4 b6 6. Ngf3 Bb7 7. Bb5+ Nbd7 8.
O-O a6 9. Bd3 Nc5 10. Qe2 Be7 11. b3 O-O 12. Bb2 Nxd3 13. cxd3 c5 14. Ne5 b5 15.
f4 Nd7 16. Nxd7 Qxd7 17. Rad1 f6 18. g4 a5 19. a4 Rad8 20. axb5 Qxd3 21. Qxd3
Rxd3 22. Nc4 Rfd8 23. Rxd3 Rxd3 24. Nxa5 Bxe4 25. Ba3 Bd8 26. Nc4 Rxb3 27. Bxc5
Rxb5 28. Nd6 Rxc5 29. Nxe4 Rc4 30. Re1 Bb6+ 31. Kg2 Bc7 32. Nf2 Kf7 33. f5 exf5
34. gxf5 Rc5 35. Rd1 Ke8 36. Re1+ Kf8 37. Ne4 Rxf5 38. Rc1 Bd8 39. Rd1 Be7 40.
Ra1 Rd5 0-1

[Event "HMC Calder Cup 2014"]
[Site "Rosmalen NED"]
[Date "2014.06.23"]
[Round "4.4"]
[White "Burg, Twan"]
[Black "Van der Stricht, Geert"]
[Result "1/2-1/2"]
[WhiteTitle "IM"]
[BlackTitle "IM"]
[WhiteElo "2506"]
[BlackElo "2376"]
[WhiteFideId "1010697"]
[BlackFideId "201324"]
[EventDate "2014.06.20"]

1. e4 c5 2. Nf3 d6 3. d4 cxd4 4. Nxd4 Nf6 5. Nc3 a6 6. h3 e5 7. Nb3 Be7 8. Be3
Be6 9. f4 exf4 10. Bxf4 Nc6 11. Qe2 O-O 12. O-O-O Qc7 13. g4 Rac8 14. g5 Nd7 15.
Kb1 Rfe8 16. h4 Nce5 17. Qg2 Nb6 18. Nd4 Nbc4 19. Nd5 Bxd5 20. exd5 Bf8 21. h5
Nxb2 22. Kxb2 Qc3+ 23. Kb1 Qb4+ 24. Ka1 Qc3+ 25. Kb1 Qb4+ 26. Ka1 Qc3+ 1/2-1/2

[Event "HMC Calder Cup 2014"]
[Site "Rosmalen NED"]
[Date "2014.06.23"]
[Round "4.5"]
[White "Guramishvili, Sopiko"]
[Black "Broekmeulen, Jasper"]
[Result "1/2-1/2"]
[WhiteTitle "IM"]
[BlackTitle "FM"]
[WhiteElo "2396"]
[BlackElo "2432"]
[WhiteFideId "13602888"]
[BlackFideId "1013440"]
[EventDate "2014.06.20"]

1. d4 Nf6 2. c4 c5 3. Nf3 cxd4 4. Nxd4 b6 5. Nc3 Bb7 6. Bg5 Nc6 7. Bxf6 gxf6 8.
Nf5 Qb8 9. Qd2 Qe5 10. e4 e6 11. f4 Qc5 12. O-O-O O-O-O 13. Ne3 Bg7 14. Kb1 f5
15. exf5 Nd4 16. Bd3 exf5 17. Ncd5 Kb8 18. Rc1 Rhe8 19. Nxf5 Nxf5 20. Bxf5 b5
21. Bd3 Rc8 22. Rhd1 Qd4 23. Bf1 Qe4+ 24. Bd3 Qd4 25. Bf1 Qe4+ 26. Bd3 1/2-1/2

[Event "HMC Calder Cup 2014"]
[Site "Rosmalen NED"]
[Date "2014.06.24"]
[Round "5.1"]
[White "Broekmeulen, Jasper"]
[Black "Landa, Konstantin"]
[Result "0-1"]
[WhiteTitle "FM"]
[BlackTitle "GM"]
[WhiteElo "2432"]
[BlackElo "2662"]
[WhiteFideId "1013440"]
[BlackFideId "4101685"]
[EventDate "2014.06.20"]

1. e4 c5 2. Nf3 e6 3. b3 a6 4. Bb2 Nc6 5. c4 Qc7 6. Nc3 Nf6 7. g3 b6 8. Bg2 Bb7
9. O-O Bd6 10. Re1 O-O 11. e5 Nxe5 12. Nxe5 Bxg2 13. Ng4 Nxg4 14. Qxg4 f5 15.
Qg5 Qc6 16. Ne4 Rf7 17. Nf6+ Kh8 18. Nh5 Bf8 19. Re3 Bf3 20. Nf4 Kg8 21. Nd3 Bd6
22. Ne1 Be7 23. Qf4 Bh5 24. Nd3 g5 25. Qe5 Bf6 26. Qxf6 Rxf6 27. Bxf6 h6 28. f4
g4 29. Rae1 Re8 30. a4 Qc8 31. Bc3 d6 32. Nb2 Bf7 33. d4 Kf8 34. Rd1 Rd8 35.
Red3 Be8 36. dxc5 Qxc5+ 37. Bd4 Qc6 38. Be5 Qe4 39. Bxd6+ Kf7 40. R1d2 Qe1+ 0-1

[Event "HMC Calder Cup 2014"]
[Site "Rosmalen NED"]
[Date "2014.06.24"]
[Round "5.2"]
[White "Van der Stricht, Geert"]
[Black "Guramishvili, Sopiko"]
[Result "0-1"]
[WhiteTitle "IM"]
[BlackTitle "IM"]
[WhiteElo "2376"]
[BlackElo "2396"]
[WhiteFideId "201324"]
[BlackFideId "13602888"]
[EventDate "2014.06.20"]

1. d4 Nf6 2. c4 g6 3. Nc3 d5 4. cxd5 Nxd5 5. e4 Nxc3 6. bxc3 Bg7 7. Be3 c5 8.
Rc1 Qa5 9. Qd2 O-O 10. Nf3 Bg4 11. d5 Nd7 12. c4 Qa3 13. Ng5 Nb6 14. h3 Bd7 15.
Bd3 Na4 16. O-O Rfc8 17. Nf3 b5 18. e5 bxc4 19. Bxc4 Rab8 20. Bh6 Nb2 21. e6 Be8
22. d6 Nxc4 23. Rxc4 exd6 24. Bxg7 Kxg7 25. Qxd6 Rb6 26. Qe5+ f6 27. Qd5 Qa6 28.
Rxc5 Rxc5 29. Qxc5 Rxe6 30. Rb1 Rb6 31. Re1 Bf7 32. a3 Rc6 33. Qe7 Qb6 34. Nh2
h5 35. Nf1 Qc5 36. Qb7 Rc7 37. Qb8 Rd7 38. Ng3 Qxa3 39. Qb5 Qd3 40. Qc5 Qd5 41.
Qc8 a5 42. Rb1 Rd8 43. Qc7 a4 44. Ra1 Ra8 45. Ra3 Ra5 46. Ne4 Ra6 47. Nc3 Qd4
48. Nb5 Qb4 49. Qb7 Ra5 50. Nd6 Qxd6 0-1

[Event "HMC Calder Cup 2014"]
[Site "Rosmalen NED"]
[Date "2014.06.24"]
[Round "5.3"]
[White "Fridman, Daniel"]
[Black "Burg, Twan"]
[Result "1/2-1/2"]
[WhiteTitle "GM"]
[BlackTitle "IM"]
[WhiteElo "2627"]
[BlackElo "2506"]
[WhiteFideId "11600454"]
[BlackFideId "1010697"]
[EventDate "2014.06.20"]

1. d4 Nf6 2. c4 e6 3. Nc3 Bb4 4. Qc2 O-O 5. e4 d5 6. e5 Ne4 7. a3 Bxc3+ 8. bxc3
f6 9. exf6 Nxf6 10. Nf3 c5 11. Be2 Nc6 12. dxc5 Qa5 13. O-O Qxc5 14. Be3 Qe7 15.
Rfe1 Kh8 16. Ng5 h6 17. Nf3 Ng4 18. Qg6 Nxe3 19. fxe3 Rf6 20. Qg3 Bd7 21. Qc7
Be8 22. Qxe7 Nxe7 23. Reb1 b6 24. a4 dxc4 25. Bxc4 Rc8 26. Bb5 Nd5 27. Bxe8 Rxe8
28. a5 e5 29. axb6 axb6 30. Rb5 Nxc3 31. Rxe5 Rxe5 32. Nxe5 b5 33. Nf3 b4 34.
Ra8+ Kh7 35. Rb8 Re6 36. Rxb4 1/2-1/2